00731nam a2200229Ia 450000500170000000800410001702000150005810000230007324500460009625000190014230000260016165000390018765000420022665000340026865000360030226400290033833600270036733700330039433800280042704000350045508400110049020220317000531.0160601s1991 ck g 000 0 spa  a95892320861 aSilva, Juan Manuel13aEl conde de Cuchicute cJuan Manuel Silva a1a. edición  a329 páginasc21 cm 142LEMBaNovela Colombiana ySiglo XX142LEMBaLiteratura colombianaySiglo XX142LEMBaCondes en la literatura142LEMBaMachismo en la literatura aBogotá bAltamirc1991 atextobtxt2rdacontent asin mediaciónbn2rdamedia avolumenbnc2rdacarrier aCO-BoRNBPbspaerdacCO-BoRNBP aN SIL4